Name that Musical by Song Quiz Stats

 Plays Quiz not verified by Sporcle

Challenge
Share
Tweet
Embed
Score 0/10 Timer 05:00
0 Plays Today
Song Show % Correct
MemoryCats
92.3%
No Good DeedWicked
61.5%
How Are Things In Glocca MorraFinian's Rainbow
42.3%
Hernando's HideawayThe Pajama GAme
26.9%
Alone In The UniverseSeussical
26.9%
With One LookSunset Boulevard
23.1%
All Over The WorldXanadu
19.2%
PulledThe Addams Family
19.2%
Sweet ChildThe Little Mermaid
3.8%
Castle On A ClowdLes Misérables
0%

You're not logged in!

Compare scores with friends on all Sporcle quizzes.
Join for Free
OR
Log In

You Might Also Like...

Show Comments

Extras

Top Quizzes Today


Score Distribution

Your Account Isn't Verified!

In order to create a playlist on Sporcle, you need to verify the email address you used during registration. Go to your Sporcle Settings to finish the process.

Report this User

Report this user for behavior that violates our Community Guidelines.

Details: